1488 1233 1184 1215 1898 1563 1007 1758 1486 1190 1684 1798 1491 1112 1958 1303 1089 1883 1898 1693 1350 1415 1615 1900 1757 1831 1340 1045 1126 1330 1464 1529 1170 1827 1509 1863 1775 1217 1451 1490 1207 1648 1949 1380 1852 1158 1344 1869 1098 1583 1214 1468 1724 1378 1803 1382 1189 1559 1723 1212 1650 1890 1057 1508 1454 1764 1537 1657 1917 1435 1904 1730 1847 1229 1227 1143 1812 1871 1791 1025 1470 1913 1020 1267 1605 1657 1520 1601 1676 1936 1271 1781 1110 1953 1031 1146 1767 1509 1630 BCNSPRNW ULIB Ver.6.0+V

เปลี่ยนเป็นภาษาไทย

Change to English
 แสดงรายละเอียดบรรณานุกรม
  กลับหน้าหลัก

Brief Record : Get Marc (ISO 2709) : E-mail record : QR code < ปิดหน้าต่าง
LEADER : 00000nam 2200000uu 4500
001    13399128531
003     ULIB
008    020711s2560 th a 000 0 tha d
020    ^a9786163920218
060    ^aWS440^bS168น
100    ^aSally
245    ^aนิทานอีสป 2 ภาษา(ไทย-อังกฤษ)สำหรับเด็กๆหัดอ่านและเรียนรู้ภาษาอังกฤษ หมาป่ากับลูกแกะ : The Wolf and the Lamb
250    ^aพิมพ์ครั้งที่ 1
260    ^aกรุงเทพฯ :^bโลกหนังสือ,^c2560
300    ^a10 หน้า;^c19 ซม.
650    ^aนิทานเด็ก
650    ^aเด็ก-พัฒนาการ
945    ^p35^l0^i010299
999    ^aประนอม เกษจรัล
รายการนี้ยังไม่มีแท็ก
คุณยังไม่ได้ล็อกอิน คุณสามารถมีกิจกรรมร่วมกับเว็บไซต์ได้ แต่ต้องล็อกอินก่อน ::
  ล็อกอิน

รายการสื่อสารสนเทศ

ลำดับที่ ประเภท เลขเรียก/บาร์โค้ด สถานที่ สถานะ
1. วิทยาศาสตร์การแพทย์ และสุขภาพ
วิทยาศาสตร์การแพทย์ และสุขภาพ
WS440 S168น ฉ.1 
  Barcode: 010299
ห้องสมุดวิทยาเขตสวรรค์ประชารักษ์
►หนังสือทั่วไป
บนชั้น

รายการใกล้เคียง
    ชื่อเรื่อง [นิทานอีสป 2 ภาษา(ไทย-อังกฤษ)สำหรับเด็กๆหัดอ่านและเรียนรู้ภาษาอังกฤษ หมาป่ากับลูกแกะ : The Wolf and the Lamb]

    ผู้แต่ง [Sally]

    หัวเรื่อง [นิทานเด็ก]
    หัวเรื่อง [เด็ก-พัฒนาการ]

BibComment


ยังไม่เคยถูกคอมเมนท์

คอมเมนท์ทรัพยากรรายการนี้
  คอมเมนท์: นิทานอีสป 2 ภาษา..


 Copyright 2026. Bcnsprnw @Library